| 000 | 00415nam a2200157 4500 | ||
|---|---|---|---|
| 001 | 45402 | ||
| 090 | _a45402 | ||
| 100 | _a20260106 pory50 | ||
| 101 | _aPOR | ||
| 102 | _aPT | ||
| 200 |
_aPinturas da coleção da Fundação Calouste Gulbenkian _fMuseu Nacional de Arte Antiga |
||
| 210 |
_aLisboa _cNeorogravura _d1961 |
||
| 215 |
_a118 p. _cil. _d22 cm |
||
| 675 | _a061.5 | ||
| 801 |
_aPT _bBMR _gRPC |
||
| 990 | _cLIVROS | ||